| 000 | 00388 a2200121 4500 | ||
|---|---|---|---|
| 020 | _a0849315697 (alk. paper) | ||
| 082 | _a624.1 CHE | ||
| 100 | _aChen,Wai Fah | ||
| 245 |
_aHandbook of structural engineering / _cedited by Wai-Fah Chen, Eric M. Lui. |
||
| 250 | _a2nd ed. | ||
| 260 |
_aBoca Raton, Fla. : _bCRC Press, _cc2005. |
||
| 300 |
_a1 v. (various pagings) : _bill. ; _c27 cm. |
||
| 650 | _aStructural engineering. | ||
| 999 |
_c1041 _d1041 |
||